Statistics for Movie title by weapons.

Click here to take the quiz!

General Stats

  • This quiz has been taken 52 times
  • The average score is 6 of 15

Answer Stats

HintAnswer% Correct
LightSaberStar Wars
92%
MjolnirThor
73%
BullWhipIndiana Jones
67%
Magnum .44Dirty Harry
65%
Hattori Hanzo Katana SwordKill Bill
58%
Oddjob's HatGoldfinger
50%
The Proton PackGhostbusters
44%
StingLord Of The Rings
44%
M41A Pulse RifleAliens
33%
Noisy CricketMen in Black
33%
The Auto 9RoboCop
17%
M16 with M203 Grenade LauncherScarface
15%
Captive Bolt PistolNo Country For Old Men
13%
ARC GunDistrict 9
8%
The SamaritanHellboy
6%

Score Distribution

Percentile by Number Answered

Percent of People with Each Score

Your Score History

You have not taken this quiz